Statistics for Taylor Swift - Paper Rings Lyrics

Click here to take the quiz!

General Stats

  • This quiz has been taken 98 times
  • The average score is 391 of 428

Answer Stats

Answer% Correct
I
100%
like
100%
when
100%
When
100%
The
99%
the
99%
to
99%
We
99%
we
99%
Went
99%
went
99%
you
99%
a
97%
but
97%
friends
97%
on
97%
paper
97%
rings
97%
that
97%
things
97%
your
97%
and
96%
i'd
96%
is
96%
marry
96%
me
96%
One
96%
one
96%
shiny
96%
want
96%
with
96%
You're
96%
be
94%
from
94%
in
94%
In
94%
this
94%
high
93%
night
93%
accidents
91%
hate
91%
it
91%
met
91%
moon
91%
right
91%
That's
91%
all
90%
first
90%
home
90%
Kiss
90%
stalk
90%
tried
90%
Uh
90%
'cause
88%
had
88%
internet
88%
it's
88%
i've
88%
my
88%
Now
88%
once
88%
Three
88%
three
88%
Two
88%
two
88%
bed
87%
beside
87%
books
87%
cold
87%
dreams
87%
frames
87%
know
87%
life
87%
long
87%
picture
87%
too
87%
waited
87%
whole
87%
alright
85%
Darling
85%
except
85%
gonna
85%
huh
85%
of
85%
Oh
85%
or
85%
pool
85%
read
85%
times
85%
twice
85%
were
85%
dirty
84%
baby
82%
breathe
82%
for
82%
icy
82%
month
82%
shoulder
82%
street
82%
watch
82%
Cat
81%
if
81%
jumped
81%
up
81%
blue
79%
even
79%
gave
79%
makes
79%
mouse
79%
wake
79%
away
78%
back
78%
boy
78%
Four
78%
I'm
78%
so
78%
wine
78%
winter
78%
around
76%
complications
76%
outdoor
76%
painted
76%
arms
75%
brother's
75%
standing
75%
takes
75%
Wrap
75%
here
73%
Mondays
73%
dreary
72%
drive
72%
flaws
72%
wouldn't
72%
exes
70%
fights
70%
Honey
70%
tall
70%
wall
70%
Which
70%
color
67%
without
66%

Score Distribution

Percentile by Number Answered

Percent of People with Each Score

Your Score History

You have not taken this quiz